00558nam a2200133 a 450000100100000000500170001000800410002704000250006808200150009311001070010824501280021526000530034330000280039600003585420200930074652.0111115s1955 cu c 000 0 spa d aDO-SdBNPbspacBNPHU axxxxbU58p2 aUniversidad de Oriente (Santiago de Cuba, Cuba).bDepartamento de Extensión y Relaciones Culturales.10aPensamiento y acción de José Martí :bconferencias y ensayos ofrecidos con motivo del 1. centenario de su nacimiento. aSantiago, Cuba :bUniversidad de Oriente,c1955. a432 p. :bil. ;c23 cm.